| 000 | 01422cam a22003734i 4500 | ||
|---|---|---|---|
| 003 | PE-LiUPU | ||
| 005 | 20250731183359.0 | ||
| 008 | 150623s r 000 0 d | ||
| 020 | _a0240514645 | ||
| 035 | _a(Sirsi) i9780240514642 | ||
| 040 |
_aPE-LiUPU _bspa _cPE-LiUPU _erda |
||
| 049 | _aPRUA | ||
| 082 | 0 | 4 |
_a791.45 _bW32 _221 |
| 100 | 1 |
_aWatkinson, John, _d1950-, _eautor. |
|
| 245 | 1 | 0 |
_aAudio for television / _cJohn Watkinson. |
| 264 | 1 |
_aOxford : _bFocal Press, _c1997. |
|
| 300 |
_a200 páginas : _bilustraciones, gráficos ; _c24 centímetros |
||
| 336 |
_atext _2rdacontent |
||
| 337 |
_aunmediated _2rdamedia |
||
| 338 |
_avolume _2rdacarrier |
||
| 505 | 0 | _aSound and hearing. -Microphones, loudspeakers and stereophony. -Analog and digital audio signals. -Audio recording. -Audio routing and transmission. | |
| 526 | _aP158 | ||
| 526 | _aP146 | ||
| 526 | _aP17 | ||
| 526 | _aP12 | ||
| 526 | _aP06 | ||
| 650 | 1 | 4 |
_aGrabación y reproducción _xTécnicas digitales. |
| 942 |
_2ddc _cBOOK |
||
| 949 |
_a791.45 W32 _wDEWEY _c1 _i46316 _lCCODEBUL1 _mBUL _r0 _sY _tBOOK _u2015-6-24 _xEDUCACION _zUNKNOWN _0COMPRA _o.STAFF. Colección General |
||
| 994 |
_aC0 _bPEPRU |
||
| 596 | _a1 | ||
| 999 |
_a791.45 W32 _wDEWEY _c23088 _i46316 _d23088 _f2021-11-8 _g5 _lCCODEBUL1 _mBUL _q1 _r0 _sY _tBOOK _u2015-6-24 _xEDUCACION _zUNKNOWN _0COMPRA _o.STAFF. Colección General |
||
| 980 |
_81 _gALBERTO SANCHEZ Responsable de Automatización |
||